study on diarrhea in weaning piglet and treatment at chbamorn city, kampong speu province (សិក្សាលើជំងឺរាកកូនជ្រូក និង ការព្យាបាលពេលកើតរហូតដល់ផ្តាច់ដោះ នៅក្រុងច្បាមន ខេត្តកំពង់ស្ពឺ) (Record no. 2610)

000 -LEADER
fixed length control field 00719nam a22001577a 4500
003 - CONTROL NUMBER IDENTIFIER
control field OSt
005 - DATE AND TIME OF LATEST TRANSACTION
control field 20151024141813.0
008 - FIXED-LENGTH DATA ELEMENTS--GENERAL INFORMATION
fixed length control field 151024b xxu||||| |||| 00| 0 eng d
040 ## - CATALOGING SOURCE
Transcribing agency RUA
082 ## - DEWEY DECIMAL CLASSIFICATION NUMBER
Classification number AVM PHE 2013 B104 Or.1
100 ## - MAIN ENTRY--PERSONAL NAME
9 (RLIN) 2790
Personal name PHEAV, CHEAHUOTH.
245 ## - TITLE STATEMENT
Title study on diarrhea in weaning piglet and treatment at chbamorn city, kampong speu province (សិក្សាលើជំងឺរាកកូនជ្រូក និង ការព្យាបាលពេលកើតរហូតដល់ផ្តាច់ដោះ នៅក្រុងច្បាមន ខេត្តកំពង់ស្ពឺ)
260 ## - PUBLICATION, DISTRIBUTION, ETC. (IMPRINT)
Place of publication, distribution, etc. Phnom Penh
Name of publisher, distributor, etc. RUA
Date of publication, distribution, etc. 2013
300 ## - PHYSICAL DESCRIPTION
Extent vi, 41p.
Other physical details ill.
Dimensions 29cm.
942 ## - ADDED ENTRY ELEMENTS (KOHA)
Source of classification or shelving scheme
Koha item type AVM
Holdings
Price effective from Date last seen Permanent Location Not for loan Date acquired Source of classification or shelving scheme Koha item type Lost status Withdrawn status Date last checked out Total Checkouts Shelving location Damaged status Barcode Current Location Full call number
2015-10-242015-10-24Library Block B 2015-10-24 AVM    B104 RUA016474Library Block BAVM PHE 2013 B104 Or.1
2015-10-242015-10-24Library Block B 2015-10-24 AVM    B104 RUA016409Library Block BAVM PHE 2013 B104 Or.2
2015-10-242017-09-26Library Block B 2015-10-24 AVM  2017-08-231B104 RUA017692Library Block BAVM PHE 2013 B104 Or.3
2015-10-242015-10-24Library Block B 2015-10-24 AVM    B104 RUA017620Library Block BAVM PHE 2013 B104 Or.4
2015-10-242016-08-31Library Block B 2015-10-24 AVM  2016-08-081B104 RUA017548Library Block BAVM PHE 2013 B104 Or.5
2015-10-242016-06-24Library Block B 2015-10-24 AVM  2016-06-091B104 RUA017878Library Block BAVM PHE 2013 B104 Or.6
2015-10-242015-10-24Library Block B 2015-10-24 AVM    B104 RUA017743Library Block BAVM PHE 2013 B104 Or.7
2015-10-242015-10-24Library Block B 2015-10-24 AVM    B104 RUA016481Library Block BAVM PHE 2013 B104 Or.8
2019-07-122019-07-12Library Block B 2019-07-12 AVM    B1.230 A37556Library Block BAVM PHE 2013 B1.230 Or.1
2019-07-152019-07-15Library Block B 2019-07-15 AVM    B1.230 A40852Library Block BAVM PHE 2013 B1.230 Or.1
មជ្ឈមណ្ឌលឯការនៃសាកលវិទ្យាល័យភូមិន្ទកសិកម្មចំការដូង

Powered by Koha